|
|
|
|
| LEADER |
00000nam0a2200000 4500 |
| 001 |
243718 |
| 005 |
20231101232006.0 |
| 010 |
|
|
|a 5217004274
|
| 020 |
|
|
|a RU
|b 89-82966
|
| 035 |
|
|
|a (RuTPU)RU\TPU\book\265070
|
| 090 |
|
|
|a 243718
|
| 100 |
|
|
|a 20131005d1989 km y0rusy5003 ca
|
| 101 |
0 |
|
|a rus
|
| 102 |
|
|
|a RU
|
| 105 |
|
|
|a a z 001zy
|
| 200 |
1 |
|
|a Справочник по электроэрозионной обработке материалов
|f Е. Ф. Немилов
|
| 210 |
|
|
|a Ленинград
|c Машиностроение
|d 1989
|
| 215 |
|
|
|a 165 с.
|c ил.
|
| 606 |
1 |
|
|a Электроэрозионная обработка металлов
|x Эффективность
|2 stltpush
|3 (RuTPU)RU\TPU\subj\21068
|9 46113
|
| 610 |
1 |
|
|a классификация
|
| 610 |
1 |
|
|a рабочие жидкости
|
| 610 |
1 |
|
|a требования
|
| 610 |
1 |
|
|a расчет
|
| 610 |
1 |
|
|a характеристики
|
| 610 |
1 |
|
|a технологическое оснащение
|
| 610 |
1 |
|
|a средства
|
| 610 |
1 |
|
|a типовые операции
|
| 610 |
1 |
|
|a электроэрозионное шлифование
|
| 610 |
1 |
|
|a труд
|
| 610 |
1 |
|
|a безопасность
|
| 610 |
1 |
|
|a справочники
|
| 675 |
|
|
|a 621.7/.9.048.4(035)
|v 3
|
| 700 |
|
1 |
|a Немилов
|b Е. Ф.
|g Евгений Федорович
|4 070
|
| 801 |
|
0 |
|a RU
|b RuMRKP
|c 19950417
|g psbo
|
| 801 |
|
1 |
|a RU
|b 63413507
|c 20131005
|
| 801 |
|
2 |
|a RU
|b 63413507
|c 20131008
|g RCR
|
| 942 |
|
|
|c BK
|